000 00392nam a2200145 4500
001 138893
003 ES-MaACL
007 t|
008 070214s1930 sp r ||||1| spa d
100 1 _aSantullano, Luis.
_9103549
245 1 0 _aDe la escuela a la Universidad /
_cLuis Santullano.
260 _aMadrid :
_bHernando,
_c1930.
300 _a240 p. ;
_c19 x 12 cm.
852 _aES-MaACL
_jB-6104
999 _c138893
_d138893